Missing Word: 5-Letter Words in Broadway Songs Quiz Stats

 Plays Quiz Updated Jan 31, 2015

Challenge
Share
Tweet
Embed
Score 0/20 Timer 03:00
0 Plays Today
Song Missing Word % Correct
A Spoonful of _____
Mary Poppins
Sugar
93.4%
_____ Mia
[titular musical]
Mamma
93.3%
It _____ Two
Hairspray
Takes
90.7%
Knights of the _____ Table
Spamalot
Round
90.3%
Be Our _____
Beauty and the Beast
Guest
90.1%
Hard _____ Life
Annie
Knock
89.6%
_____, Dolly!
[titular musical]
Hello
88.1%
Put on a _____ Face
Bye Bye Birdie
Happy
84.6%
_____ Ev'ry Mountain
The Sound of Music
Climb
83.8%
The Music of the _____
Phantom of the Opera
Night
81.9%
Song Missing Word % Correct
The Rain in _____
My Fair Lady
Spain
77.7%
Cell _____ Tango
Chicago
Block
69.8%
The Impossible _____
Man of La Mancha
Dream
63.5%
A _____ Full of Love
Les Misérables
Heart
60.7%
_____ is Nothing Like a Dame
South Pacific
There
56.2%
One _____ Day
Wicked
Short
25.1%
_____ to Do
Pippin
Magic
23.3%
_____ Magic Changes
Grease
Those
21.2%
Grasslands _____
The Lion King
Chant
10.7%
What a _____
Miss Saigon
Waste
5.4%

Today's Daily Dose

You're not logged in!

Compare scores with friends on all Sporcle quizzes.
OR
Log In

You Might Also Like...

Show Comments

Extras

Top Quizzes Today


Score Distribution

Your Account Isn't Verified!

In order to create a playlist on Sporcle, you need to verify the email address you used during registration. Go to your Sporcle Settings to finish the process.

Report this User

Report this user for behavior that violates our Community Guidelines.

Details: